| 000 | 00443nam a22001937a 4500 | ||
|---|---|---|---|
| 003 | MPLRDC | ||
| 005 | 20220104143529.0 | ||
| 008 | 210129b ||||| |||| 00| 0 eng d | ||
| 020 | _a962-365-666-1 | ||
| 082 | _a427.11 LYH-6 | ||
| 100 | _a李银焕 | ||
| 245 |
_a燕窝食谱 _c |
||
| 250 | _a初版 | ||
| 260 |
_a _b海滨图书 _c1999 |
||
| 300 | _b平 | ||
| 490 | _a93 | ||
| 650 | _a中菜食谱--燕窝 | ||
| 942 |
_cBK _o427.11 LYH-6 |
||
| 999 |
_c40820 _d40810 |
||